IFM Opac

THE FINANCIAL SYSTEM OF EGYPT (Record no. 15626)

MARC details
000 -LEADER
fixed length control field 00360nam a22001457a 4500
020 ## - INTERNATIONAL STANDARD BOOK NUMBER
International Standard Book Number 0 19 7135641
082 ## - DEWEY DECIMAL CLASSIFICATION NUMBER
Classification number 332.0962RAB
100 ## - MAIN ENTRY--PERSONAL NAME
Personal name RABLE, HASSANEIN
245 ## - TITLE STATEMENT
Title THE FINANCIAL SYSTEM OF EGYPT
260 ## - PUBLICATION, DISTRIBUTION, ETC.
Place of publication, distribution, etc. NEW YORK
Name of publisher, distributor, etc. OXFORD
Date of publication, distribution, etc. 1972
300 ## - PHYSICAL DESCRIPTION
Extent XII,242P.
Other physical details ILL.:25CM.
500 ## - GENERAL NOTE
General note INCLUDE BIBLIOGRAPHY AND INDEX
650 ## - SUBJECT ADDED ENTRY--TOPICAL TERM
Topical term or geographic name entry element FINANCIAL
942 ## - ADDED ENTRY ELEMENTS (KOHA)
Koha item type Books
Holdings
Withdrawn status Lost status Damaged status Not for loan Home library Current library Shelving location Date acquired Total Checkouts Full call number Barcode Date last seen Price effective from Koha item type
Withdrawn       IFM Main Campus Library IFM Main Campus Library Archival Collection 03/12/2016   332.0962RAB 0000009682 03/12/2016 02/19/2022 Books